| 000 | 00471cam a2200169ua 4500 | ||
|---|---|---|---|
| 041 |
_aeng _h |
||
| 082 |
_a028.74627 _bASP/KR |
||
| 100 | _aRichard, W Kramer . | ||
| 245 |
_aAsphaltic concrete for hydraulic structures / _cKramer W Richard. _hTextual Documents |
||
| 250 |
_a1 / _b. |
||
| 260 |
_aNew Delhi : _bCentral Board of Irrigation and Power (CBIP) , _c2003. |
||
| 300 | _a99 ; . | ||
| 500 | _a**Reference | ||
| 504 | _a | ||
| 942 | _cBK | ||
| 999 |
_c11188 _d11188 |
||